000 00343nam a2200145Ia 4500
008 230711s9999||||xx |||||||||||||| ||und||
041 _aENG
082 _a621
_bRO-M
100 _aRollason,EC
245 0 _aMettalurgy for engineers
250 _a4th
260 _c1973
_aNew Delhi
_bElbs Britain
650 _aMechanical Engineering
942 _cBK
999 _c967
_d967